[Event "Titled Tue 10th Jun Early"]
[Site "chess.com INT"]
[Date "2025.06.10"]
[Round "3"]
[White "Pavlov, Nikolay"]
[Black "Dambaev, Dashi"]
[Result "1-0"]
[WhiteTitle "FM"]
[BlackTitle "CM"]
[WhiteElo "2316"]
[BlackElo "2211"]
[WhiteFideId "24141470"]
[BlackFideId "55628494"]
[EventDate "2025.06.10"]

1. e4 c5 2. Nf3 d6 3. d4 cxd4 4. Nxd4 Nf6 5. Nc3 g6 6. Be3 Bg7 7. Qd2 Ng4 8. Bg5
Nc6 9. Nb3 O-O 10. f3 Nf6 11. O-O-O Be6 12. Bh6 Bxh6 13. Qxh6 Rc8 14. h4 Ne5 15.
h5 Rxc3 16. bxc3 Qc7 17. hxg6 fxg6 18. Qe3 Rc8 19. Kb2 a5 20. Qd4 Bc4 21. Bd3 b5
22. f4 Nxd3+ 23. cxd3 Bxb3 24. axb3 e5 25. fxe5 dxe5 26. Qf2 Qxc3+ 27. Ka2 a4
28. Qb2 axb3+ 29. Qxb3+ Kg7 30. Qxc3 Rxc3 31. Kb2 b4 32. Rd2 Ng4 33. Rc1 Ra3 34.
Rc7+ Kh6 35. Rb7 Ra4 36. Kb3 Ra1 37. Rxb4 Rg1 38. Rb5 Kg5 39. Kc3 Kf4 40. Rb7 h5
41. Rf7+ Ke3 42. Rf3# 1-0

[Event "Titled Tue 10th Jun Early"]
[Site "chess.com INT"]
[Date "2025.06.10"]
[Round "3"]
[White "Toroptseva, Yevheniia"]
[Black "Hossain, Enamul"]
[Result "1-0"]
[WhiteTitle "WFM"]
[BlackTitle "GM"]
[WhiteElo "2104"]
[BlackElo "2347"]
[WhiteFideId "34109374"]
[BlackFideId "10200649"]
[EventDate "2025.06.10"]

1. Nc3 d5 2. e4 e6 3. exd5 exd5 4. Nf3 c6 5. g3 Bd6 6. Bg2 Nf6 7. O-O O-O 8. Re1
Bg4 9. h3 Bh5 10. g4 Bg6 11. d3 Nbd7 12. Bg5 h6 13. Bh4 Qb6 14. Qd2 Rfe8 15. a3
Qc7 16. Rxe8+ Nxe8 17. Re1 Bf4 18. Qd1 Ndf6 19. Ne2 Bd6 20. Bg3 Bxg3 21. Nxg3
Nd6 22. Ne5 Bh7 23. Re2 Re8 24. Qe1 Qb6 25. b3 Qd8 26. a4 a5 27. Nf3 Rxe2 28.
Qxe2 b5 29. axb5 cxb5 30. Nd4 a4 31. Nc6 Qd7 32. Ne7+ Kf8 33. Nxd5 Nxd5 34. Bxd5
a3 35. b4 Nc4 36. dxc4 a2 37. Qe5 Bxc2 38. cxb5 Qxd5 39. Qxd5 a1=Q+ 40. Kh2 Qf6
41. Qc5+ Kg8 42. Qxc2 Qf4 43. Qc8+ Kh7 44. Qf5+ 1-0

[Event "Titled Tue 10th Jun Early"]
[Site "chess.com INT"]
[Date "2025.06.10"]
[Round "3"]
[White "Kis, Lorand Bela"]
[Black "Zozek Salah Mohammed"]
[Result "1-0"]
[BlackTitle "FM"]
[WhiteElo "1955"]
[BlackElo "2205"]
[WhiteFideId "2024098"]
[BlackFideId "4803361"]
[EventDate "2025.06.10"]

1. d4 Nf6 2. c4 c5 3. d5 b5 4. cxb5 a6 5. b6 Qxb6 6. Nc3 d6 7. a4 g6 8. a5 Qa7
9. e4 Bg7 10. h3 O-O 11. Nf3 Nbd7 12. Bc4 Rb8 13. O-O Qc7 14. Qe2 Rb4 15. Re1
Nh5 16. Bxa6 Ne5 17. Nxe5 Bxe5 18. Bc4 Bd4 19. Be3 Bxe3 20. fxe3 Ng3 21. Qd3
Rxb2 22. Reb1 Rxb1+ 23. Nxb1 Qb7 24. Kh2 Qb2 25. Ra2 Qe5 26. Kg1 f5 27. a6 fxe4
28. Qc3 Qf5 29. a7 Bb7 30. Rb2 Ba8 31. Qe1 Nh5 32. Rb8 Ng7 33. Rxf8+ Qxf8 34.
Qa5 Qc8 35. Qb6 Qb7 36. Qd8+ Kf7 37. Qb8 Ne8 38. Nc3 Nc7 39. Nxe4 h6 40. Nc3 g5
41. Kh2 h5 42. Qh8 Qxa7 43. Qxh5+ Kf8 44. Ne4 Ne8 45. Nxg5 e5 46. Qh8+ Ke7 47.
Qh7+ Kf6 48. Ne4# 1-0

[Event "Titled Tue 10th Jun Early"]
[Site "chess.com INT"]
[Date "2025.06.10"]
[Round "3"]
[White "Subervi, Jonathan Sigfredo"]
[Black "Nugumanov, Bakhtiyar"]
[Result "1-0"]
[WhiteTitle "FM"]
[BlackTitle "IM"]
[WhiteElo "2059"]
[BlackElo "2305"]
[WhiteFideId "6400345"]
[BlackFideId "13701797"]
[EventDate "2025.06.10"]

1. e4 e6 2. d4 d5 3. exd5 exd5 4. Bf4 Bd6 5. Qd2 Nf6 6. Nc3 O-O 7. O-O-O c6 8.
Bd3 Ne8 9. Nge2 b5 10. Kb1 a5 11. h4 Nd7 12. Bxd6 Nxd6 13. Qf4 Qf6 14. Qxf6 Nxf6
15. f3 Ba6 16. g4 Rfe8 17. Nf4 b4 18. Na4 Bxd3 19. Nxd3 Nb5 20. Nf4 Re3 21. Rhf1
Rae8 22. Nc5 Nd6 23. g5 Nfe4 24. fxe4 dxe4 25. d5 cxd5 26. Nxd5 Rf3 27. Rfe1 Rh3
28. Nc7 Rc8 29. Rxd6 h5 30. N7a6 e3 31. Rd3 Re8 32. a3 bxa3 33. bxa3 Re5 34. Nb3
Rf3 35. a4 Rh3 36. Nac5 Kh7 37. Kb2 Kg6 38. Rd6+ Kf5 39. Nd4+ Kg4 40. Nd3 Re7
41. g6 f6 42. Rg1+ 1-0

[Event "Titled Tue 10th Jun Early"]
[Site "chess.com INT"]
[Date "2025.06.10"]
[Round "3"]
[White "Levitan, Caleb Levi"]
[Black "Sobek, Jaroslav"]
[Result "1-0"]
[WhiteTitle "FM"]
[BlackTitle "FM"]
[WhiteElo "2399"]
[BlackElo "2195"]
[WhiteFideId "14332620"]
[BlackFideId "301388"]
[EventDate "2025.06.10"]

1. e4 c5 2. Nf3 a6 3. c4 Nc6 4. Nc3 e5 5. d3 d6 6. Be3 Bg4 7. Be2 Be7 8. O-O Nf6
9. Nd5 Nxd5 10. cxd5 Bxf3 11. Bxf3 Nd4 12. Rc1 O-O 13. Bg4 Bg5 14. f4 Bxf4 15.
Bxf4 exf4 16. Rxf4 Qg5 17. Qd2 Rae8 18. Rcf1 Re7 19. Be6 Qg6 20. Rg4 Qh5 21. Rg5
Qh4 22. g3 Qh6 23. Bg4 g6 24. h4 Qg7 25. h5 Re5 26. hxg6 hxg6 27. Rxe5 Qxe5 28.
Qf4 Qxf4 29. gxf4 Re8 30. Kf2 f5 31. Bf3 Kg7 32. Rg1 Kf6 33. exf5 gxf5 34. Bh5
Rh8 35. Rg6+ Ke7 36. Rg7+ Kd8 37. Bf3 1-0

[Event "Titled Tue 10th Jun Early"]
[Site "chess.com INT"]
[Date "2025.06.10"]
[Round "3"]
[White "Altynbek, Aiaru"]
[Black "Coe, William"]
[Result "0-1"]
[WhiteTitle "WFM"]
[WhiteElo "1977"]
[BlackElo "2078"]
[WhiteFideId "13752472"]
[BlackFideId "30913624"]
[EventDate "2025.06.10"]

1. d4 Nf6 2. Nf3 e6 3. c4 Bb4+ 4. Bd2 Bxd2+ 5. Qxd2 d5 6. Nc3 O-O 7. g3 c6 8.
Bg2 b6 9. O-O Bb7 10. cxd5 exd5 11. Ne5 Re8 12. Rac1 Nbd7 13. Nd3 Rc8 14. Rfe1
Ne4 15. Nxe4 dxe4 16. Nf4 Nf6 17. e3 Qd6 18. Red1 Nd5 19. Ne2 Nb4 20. Nc3 f5 21.
Bf1 Nd5 22. a3 Red8 23. b4 Kh8 24. Rc2 c5 25. bxc5 bxc5 26. Nb5 Qb6 27. dxc5
Rxc5 28. Rxc5 Qxc5 29. Rc1 Qe7 30. Qa5 a6 31. Nc7 Qd6 32. Rd1 h6 33. Bc4 Rc8 34.
Bxd5 Qxc7 35. Qb4 Bxd5 36. Rxd5 Qf7 37. Qd2 Kh7 38. Rd7 Qg6 39. Rd6 Qg4 40. Rxa6
Rb8 41. Qe1 Rd8 0-1

[Event "Titled Tue 10th Jun Early"]
[Site "chess.com INT"]
[Date "2025.06.10"]
[Round "3"]
[White "Yildiz, Egehan"]
[Black "Moro Saidon, Gonzalo"]
[Result "1-0"]
[WhiteTitle "FM"]
[WhiteElo "2198"]
[BlackElo "2114"]
[WhiteFideId "44518072"]
[BlackFideId "140082"]
[EventDate "2025.06.10"]

1. d4 Nf6 2. c4 g6 3. Nc3 d5 4. Nf3 Bg7 5. Bf4 O-O 6. Rc1 c5 7. dxc5 dxc4 8. e3
Na6 9. c6 bxc6 10. Bxc4 Nc5 11. O-O Qxd1 12. Rfxd1 Bg4 13. Be2 Nfe4 14. Nxe4
Nxe4 15. h3 Be6 16. Nd4 Bxa2 17. Nxc6 Rfe8 18. b4 Nc3 19. Re1 Nxe2+ 20. Rxe2 Bd5
21. b5 Bf6 22. Rd2 e6 23. Bd6 Rac8 24. Rdc2 Kg7 25. Nxa7 Rxc2 26. Rxc2 Rd8 27.
Bc7 Ra8 28. b6 Be4 29. Rc1 Bb2 30. Rc4 Bd5 31. Rc2 Bf6 32. Kh2 Be4 33. Rc1 Bd5
34. Nc6 Rc8 35. b7 Rxc7 36. b8=Q Rxc6 37. Rxc6 Be5+ 38. Qxe5+ 1-0

[Event "Titled Tue 10th Jun Early"]
[Site "chess.com INT"]
[Date "2025.06.10"]
[Round "3"]
[White "Wieczorek, Zbigniew"]
[Black "Nguyen, Dinh Trung"]
[Result "1-0"]
[WhiteTitle "FM"]
[WhiteElo "2105"]
[BlackElo "2002"]
[WhiteFideId "1102001"]
[BlackFideId "12405825"]
[EventDate "2025.06.10"]

1. Nf3 d5 2. g3 Nc6 3. Bg2 e5 4. d3 Nf6 5. O-O Be7 6. c4 O-O 7. cxd5 Nxd5 8. Nc3
Be6 9. Bd2 f6 10. a3 Nxc3 11. bxc3 Qd7 12. Qb1 Bc5 13. e3 Bb6 14. d4 exd4 15.
Nxd4 Bh3 16. Qb3+ Kh8 17. Bxh3 Qxh3 18. Qe6 Qxe6 19. Nxe6 Rfe8 20. Nd4 Ne5 21.
Kg2 Rad8 22. Bc1 Nc4 23. a4 Ba5 24. Rb1 c5 25. Nb3 Bb6 26. a5 Bxa5 27. Nxc5 b6
28. Na4 Rd3 29. Rb3 f5 30. Ba3 Rd2 31. Kg1 Red8 32. Bb4 h5 33. Bxa5 Nxa5 34. Rb5
g6 35. Nc5 R8d5 36. Nb3 Rxb5 37. Nxd2 Rb2 38. Nf3 Rc2 39. Ng5 Rxc3 40. Rd1 Rc6
41. Rd8+ Kg7 42. Rd7+ Kf6 43. f4 Rc1+ 44. Kf2 Rc2+ 45. Ke1 Rc1+ 46. Ke2 1-0

[Event "Titled Tue 10th Jun Early"]
[Site "chess.com INT"]
[Date "2025.06.10"]
[Round "3"]
[White "Sanguinetti, Luis"]
[Black "Bold, Andre"]
[Result "0-1"]
[BlackTitle "CM"]
[WhiteElo "2178"]
[BlackElo "2235"]
[WhiteFideId "3002608"]
[BlackFideId "16208471"]
[EventDate "2025.06.10"]

1. Nf3 c5 2. e3 Nc6 3. b3 Nf6 4. Bb2 g6 5. g3 Bg7 6. Bg2 O-O 7. O-O d5 8. Ne5
Qc7 9. Nxc6 Qxc6 10. c4 Be6 11. cxd5 Bxd5 12. f3 Qd7 13. Qc2 b6 14. Nc3 Bb7 15.
Rad1 Rfd8 16. d4 cxd4 17. Rxd4 Qe6 18. Rxd8+ Rxd8 19. e4 Qc6 20. Rd1 Rxd1+ 21.
Qxd1 Qd7 22. Qxd7 Nxd7 23. Na4 Bxb2 24. Nxb2 Ba6 25. Kf2 e5 26. Bh3 Nc5 27. Ke3
Kf8 28. b4 Ne6 29. Bxe6 fxe6 30. a4 Bf1 31. Kf2 Ba6 32. b5 Bc8 33. Nc4 Bd7 34.
Nxe5 Be8 35. Nc4 Ke7 36. Ke3 g5 37. Kd4 Kf6 38. f4 gxf4 39. gxf4 Bh5 40. Na5
bxa5 41. Kc5 Bf3 42. e5+ Kf5 43. b6 axb6+ 44. Kxb6 Kxf4 45. Kxa5 Kxe5 46. Kb6
Kd4 0-1

[Event "Titled Tue 10th Jun Early"]
[Site "chess.com INT"]
[Date "2025.06.10"]
[Round "3"]
[White "Hon, Eric"]
[Black "Garcia Almaguer, Juan Manuel"]
[Result "1-0"]
[BlackTitle "CM"]
[WhiteElo "1962"]
[BlackElo "2142"]
[WhiteFideId "2097117"]
[BlackFideId "5110491"]
[EventDate "2025.06.10"]

1. e4 e5 2. Nf3 Nc6 3. Bc4 Nf6 4. d3 h6 5. c3 d6 6. h3 Be6 7. Bb3 Bxb3 8. axb3
g5 9. g4 Bg7 10. Nbd2 Ne7 11. Nf1 Ng6 12. Ng3 d5 13. Nf5 dxe4 14. Nxg7+ Kf8 15.
Nf5 exf3 16. Qxf3 Qd5 17. Qxd5 Nxd5 18. Be3 b6 19. Kd2 f6 20. b4 Kf7 21. b5 h5
22. c4 Ndf4 23. Bxf4 Nxf4 24. Kc3 Rhd8 25. gxh5 Rxd3+ 26. Kc2 Rf3 27. Rhf1 Nxh3
28. Ne3 e4 29. Nd5 e3 30. fxe3 Rxf1 31. Rxf1 Ke6 32. Rxf6+ Ke5 33. Rf7 Rh8 34.
Re7+ Kd6 35. Rxc7 Rxh5 36. Rc6+ Ke5 37. Rg6 Nf2 38. b4 Ne4 39. Rg8 Rh2+ 40. Kd1
g4 41. Ke1 g3 42. Nf4 Rb2 43. Kf1 Kf5 44. Ne2 Rxb4 45. Nxg3+ Nxg3+ 46. Rxg3 Rxc4
47. Ke2 Ra4 48. Kd2 Ke4 49. Rg4+ Kd5 50. Rxa4 1-0

[Event "Titled Tue 10th Jun Early"]
[Site "chess.com INT"]
[Date "2025.06.10"]
[Round "3"]
[White "Xiong, Jeffery"]
[Black "Paltrinieri, Nicholas"]
[Result "1/2-1/2"]
[WhiteTitle "GM"]
[BlackTitle "FM"]
[WhiteElo "2639"]
[BlackElo "2359"]
[WhiteFideId "2047640"]
[BlackFideId "828262"]
[EventDate "2025.06.10"]

1. e4 e6 2. d4 d5 3. e5 c5 4. c3 Nc6 5. Nf3 Bd7 6. Be2 f6 7. O-O Qc7 8. Re1
O-O-O 9. Bb5 Nxe5 10. Bxd7+ Nxd7 11. Rxe6 Bd6 12. c4 Ne7 13. Nc3 a6 14. cxd5 Nb6
15. Be3 Nexd5 16. Nxd5 Nxd5 17. dxc5 Nxe3 18. cxd6 Nxd1 19. dxc7 Kxc7 20. Rc1+
Kb8 21. Re2 Rd7 22. Kf1 Rhd8 23. Rcc2 a5 24. Red2 a4 25. a3 Rxd2 26. Nxd2 Rc8
27. Rxc8+ Kxc8 28. Nc4 b5 29. Ke2 bxc4 30. Kxd1 Kc7 31. Kc2 Kc6 32. Kc3 Kc5 33.
f3 f5 34. f4 h6 35. h3 g5 36. fxg5 hxg5 37. g3 Kd5 38. Kd2 Ke4 39. Ke2 f4 40. h4
f3+ 41. Kf2 g4 42. Kf1 Kf5 43. Kf2 Ke5 44. Ke3 Kf5 45. Kf2 Ke5 46. Ke3 Kf5 47.
Kf2 1/2-1/2

[Event "Titled Tue 10th Jun Early"]
[Site "chess.com INT"]
[Date "2025.06.10"]
[Round "3"]
[White "Asish Panda"]
[Black "Lacasa Diaz, Josep Anton"]
[Result "1-0"]
[BlackTitle "IM"]
[WhiteElo "1911"]
[BlackElo "2315"]
[WhiteFideId "45012458"]
[BlackFideId "2203375"]
[EventDate "2025.06.10"]

1. e4 c5 2. Nf3 Nc6 3. Bb5 e5 4. O-O Nge7 5. c3 g6 6. d4 exd4 7. cxd4 cxd4 8.
Nxd4 Bg7 9. Be3 O-O 10. Nc3 d5 11. exd5 Nb4 12. Bg5 h6 13. Bxe7 Qxe7 14. a3 Bxd4
15. axb4 Be5 16. Re1 Qd6 17. g3 Bf5 18. Bd3 Bxd3 19. Qxd3 Rfd8 20. Rad1 a5 21.
b5 Rac8 22. Ne4 Qb4 23. b3 Kg7 24. Nd2 Bc3 25. Re3 Bxd2 26. Rxd2 Rc5 27. d6 Rxb5
28. h4 Rb6 29. d7 a4 30. Re8 axb3 31. Rxd8 b2 32. Rg8+ Kh7 33. Rd1 b1=Q 34. Rxb1
Qxb1+ 35. Qxb1 Rxb1+ 36. Kg2 Kxg8 37. d8=Q+ Kg7 38. Qd4+ Kh7 39. Qf6 Kg8 40. h5
gxh5 41. Qxh6 Rb5 42. Qd6 Rg5 43. Qd8+ Kh7 44. Qxg5 1-0

[Event "Titled Tue 10th Jun Early"]
[Site "chess.com INT"]
[Date "2025.06.10"]
[Round "3"]
[White "Negrean, Andrei"]
[Black "Sklokin, Sergey"]
[Result "1-0"]
[WhiteTitle "FM"]
[BlackTitle "FM"]
[WhiteElo "2352"]
[BlackElo "2311"]
[WhiteFideId "1291513"]
[BlackFideId "55730230"]
[EventDate "2025.06.10"]

1. e4 c5 2. Nf3 e6 3. b3 Nc6 4. Bb2 Nf6 5. Qe2 d5 6. exd5 Qxd5 7. Nc3 Qd8 8. Ne4
Be7 9. O-O-O O-O 10. Kb1 Nd5 11. g3 a6 12. d4 cxd4 13. Nxd4 Nxd4 14. Rxd4 Qc7
15. Bg2 Rd8 16. c4 Nb4 17. Rxd8+ Qxd8 18. Rd1 Qc7 19. a3 Nc6 20. f4 e5 21. Nc3
Bf5+ 22. Ka2 Bf8 23. Bxc6 Qxc6 24. Qxe5 Bg4 25. Nd5 Re8 26. Qd4 Bxd1 27. Qxd1
Qe6 28. Qd4 Qe4 29. Qc3 Qe2 30. h4 Qg2 31. Nf6+ gxf6 32. Qxf6 Qxb2+ 33. Qxb2 Re1
34. Qd2 Rg1 35. Qf2 Rh1 36. b4 b5 37. c5 Bg7 38. Qc2 Bd4 39. c6 Ra1+ 40. Kb3 Rf1
41. c7 Rf3+ 42. Ka2 1-0

[Event "Titled Tue 10th Jun Early"]
[Site "chess.com INT"]
[Date "2025.06.10"]
[Round "3"]
[White "Materia, Marco"]
[Black "Ambartsumova, Karina"]
[Result "1-0"]
[WhiteTitle "IM"]
[BlackTitle "IM"]
[WhiteElo "2489"]
[BlackElo "2403"]
[WhiteFideId "45150451"]
[BlackFideId "4166299"]
[EventDate "2025.06.10"]

1. Nf3 Nf6 2. c4 e6 3. Nc3 d5 4. e3 Be7 5. b3 b6 6. cxd5 Nxd5 7. Nxd5 exd5 8.
Bb2 Bf6 9. Bxf6 Qxf6 10. d4 O-O 11. Rc1 Qe7 12. Qc2 c6 13. Bd3 h6 14. O-O Bb7
15. e4 dxe4 16. Bxe4 Qd6 17. Rfd1 Na6 18. Ne5 Nb4 19. Qe2 Rac8 20. Rc3 Nd5 21.
Rg3 Nf6 22. Bf3 Rfe8 23. Qd2 Nd5 24. h4 Rc7 25. Re1 Rce7 26. Kh2 Qf6 27. Re4 c5
28. Reg4 cxd4 29. Rxg7+ Qxg7 30. Rxg7+ Kxg7 31. Qxd4 Rxe5 32. Bxd5 Bxd5 33. f4
f6 34. fxe5 Rxe5 35. Qg4+ Kf7 36. Qd7+ Kg6 37. g4 h5 38. gxh5+ Kxh5 39. Kg3 Re3+
40. Kf2 Re5 41. Qxa7 b5 42. Qb6 Kxh4 43. Qxf6+ Rg5 44. Ke3 Kg4 45. Qf4+ Kh5 46.
Kd4 Bg2 47. Qh2+ Kg6 48. Qd6+ Kh5 49. Kc3 1-0

[Event "Titled Tue 10th Jun Early"]
[Site "chess.com INT"]
[Date "2025.06.10"]
[Round "3"]
[White "Aradhya, Garg"]
[Black "Khodzhamkuliev, Bahadur"]
[Result "1-0"]
[WhiteTitle "IM"]
[WhiteElo "2370"]
[BlackElo "2093"]
[WhiteFideId "25006746"]
[BlackFideId "24135046"]
[EventDate "2025.06.10"]

1. d4 Nc6 2. Nf3 g6 3. e4 Bg7 4. d5 Nb8 5. Bc4 d6 6. O-O Bg4 7. h3 Bxf3 8. Qxf3
Nd7 9. Qe2 Ngf6 10. Nc3 O-O 11. a4 c5 12. a5 Ne8 13. Bg5 Nc7 14. Ra3 b5 15. Nxb5
Bxb2 16. Rb3 Bf6 17. Bh6 Nxb5 18. Bxb5 Bg7 19. Bg5 Nf6 20. Bc6 Rb8 21. a6 Rxb3
22. cxb3 Qa5 23. e5 dxe5 24. Qxe5 h6 25. Bh4 g5 26. Bg3 Nh5 27. Qc7 Qxc7 28.
Bxc7 Bd4 29. Re1 Bf6 30. Bb7 Nf4 31. Kf1 Nd3 32. Re3 Nb4 33. d6 exd6 34. Bxd6
Rd8 35. Bxc5 Nc2 36. Re4 Rd1+ 37. Ke2 Re1+ 38. Kd2 Rxe4 39. Bxe4 Na1 40. Bd5 1-0

[Event "Titled Tue 10th Jun Early"]
[Site "chess.com INT"]
[Date "2025.06.10"]
[Round "3"]
[White "Skliarov, Viktor"]
[Black "Caku, Kler"]
[Result "1-0"]
[WhiteTitle "IM"]
[BlackTitle "WFM"]
[WhiteElo "2334"]
[BlackElo "2010"]
[WhiteFideId "14106736"]
[BlackFideId "4704703"]
[EventDate "2025.06.10"]

1. e4 e5 2. Nc3 Nc6 3. Bc4 d6 4. d3 Nf6 5. a3 Be7 6. h3 Be6 7. Nd5 Qd7 8. Ne2
Na5 9. Ba2 b6 10. f4 c6 11. Nxe7 Qxe7 12. fxe5 dxe5 13. Bg5 Bxa2 14. Rxa2 Qe6
15. Ra1 O-O-O 16. O-O h6 17. Bxf6 gxf6 18. Ng3 Nb7 19. Qf3 Rd6 20. Nh5 Rg8 21.
Nxf6 Rg6 22. Ng4 h5 23. Ne3 Nd8 24. Qxh5 Qe8 25. Nf5 Rde6 26. a4 Qg8 27. Rf2 Rg5
28. Qf3 Kb7 29. a5 Reg6 30. axb6 axb6 31. Kh2 Qh7 32. Ne3 Ne6 33. Qxf7+ Qxf7 34.
Rxf7+ Kb8 35. Ng4 Nf4 36. Raa7 Rh5 37. Rfb7+ Kc8 38. Rh7 Rxh7 39. Rxh7 Re6 40.
h4 Ne2 41. h5 Nd4 42. c3 Ne2 43. h6 Nf4 44. Rg7 Ng6 45. h7 1-0

[Event "Titled Tue 10th Jun Early"]
[Site "chess.com INT"]
[Date "2025.06.10"]
[Round "3"]
[White "Klys, Kacper"]
[Black "Kozlov, Oleg"]
[Result "0-1"]
[BlackTitle "IM"]
[WhiteElo "2218"]
[BlackElo "2253"]
[WhiteFideId "21005281"]
[BlackFideId "4104544"]
[EventDate "2025.06.10"]

1. e4 Nc6 2. Nf3 e5 3. Bb5 Nge7 4. Nc3 a6 5. Bc4 Ng6 6. h4 Be7 7. h5 Nf4 8. d4
Nxg2+ 9. Kf1 exd4 10. Nd5 d6 11. Kxg2 Bg4 12. Bf4 Ne5 13. Bxe5 dxe5 14. Be2
Bxf3+ 15. Bxf3 Bd6 16. a3 a5 17. c3 c6 18. cxd4 cxd5 19. dxe5 Bxe5 20. Qxd5 Qg5+
21. Kf1 O-O 22. Rg1 Qf4 23. Qb3 a4 24. Qe3 Qf6 25. Rb1 Rad8 26. Qg5 Qxf3 27.
Qxe5 Qd3+ 28. Kg2 Rfe8 29. Qg5 Qxe4+ 30. Kh2 Qe5+ 31. Qxe5 Rxe5 32. Rg4 Rxh5+
33. Kg3 b5 34. Rc1 Rhd5 35. Rc6 g6 36. Rb6 Rd3+ 37. f3 Rb3 38. Rg5 Rdd3 39.
Rgxb5 Rxf3+ 40. Kg4 Rg3+ 41. Kf4 Rbf3+ 42. Ke4 h5 43. Ra6 h4 44. Ra8+ Kg7 45.
Ra7 h3 0-1

[Event "Titled Tue 10th Jun Early"]
[Site "chess.com INT"]
[Date "2025.06.10"]
[Round "3"]
[White "Cahaya, Satria Duta"]
[Black "Hernandez Izquierdo, Jose A."]
[Result "1-0"]
[WhiteTitle "FM"]
[BlackTitle "IM"]
[WhiteElo "2386"]
[BlackElo "2231"]
[WhiteFideId "7124252"]
[BlackFideId "3527263"]
[EventDate "2025.06.10"]

1. e4 c5 2. Nf3 e6 3. d4 cxd4 4. Nxd4 a6 5. Nc3 Qc7 6. Bd3 Nf6 7. O-O Nc6 8.
Nxc6 bxc6 9. f4 d5 10. Qf3 h5 11. Kh1 Bc5 12. Be3 d4 13. Na4 Ba7 14. Bg1 c5 15.
b3 Bb7 16. Nb2 h4 17. Rae1 Nh5 18. Qh3 O-O-O 19. Qxh4 g5 20. Qxg5 Rdg8 21. Qh4
Ng3+ 22. hxg3 Rxh4+ 23. gxh4 Rg4 24. g3 Rxg3 25. Bh2 Rh3 26. Nc4 Qe7 27. Re2
Qxh4 28. Nd6+ Kc7 29. Nxf7 Bb8 30. Ng5 Re3 31. Rxe3 dxe3 32. Kg2 Kb6 33. Be2 Bd6
34. Bg3 Qh6 35. Bf3 Qf6 36. e5 Bxe5 37. Ne4 Bxe4 38. Bxe4 Bd4 39. Kf3 1-0

[Event "Titled Tue 10th Jun Early"]
[Site "chess.com INT"]
[Date "2025.06.10"]
[Round "3"]
[White "Moosavifar, Seyed Abolfazl"]
[Black "Omariev, Maksim"]
[Result "1-0"]
[WhiteTitle "FM"]
[BlackTitle "FM"]
[WhiteElo "2303"]
[BlackElo "2304"]
[WhiteFideId "42548195"]
[BlackFideId "4193423"]
[EventDate "2025.06.10"]

1. e4 c5 2. Nf3 d6 3. d4 cxd4 4. Nxd4 Nf6 5. Nc3 a6 6. Nde2 Nc6 7. g3 e6 8. Bg2
Be7 9. a4 O-O 10. O-O Qc7 11. h3 b6 12. Be3 Bb7 13. f4 Na5 14. b3 Rac8 15. g4
Rfd8 16. g5 Nd7 17. Qe1 Nc6 18. h4 Nb4 19. Rc1 d5 20. e5 g6 21. h5 Nc5 22. Nd4
Ne4 23. Nce2 Na2 24. Ra1 Nac3 25. Nc1 a5 26. Rf3 Bf8 27. Rh3 Bg7 28. Qh4 Nd1 29.
Nce2 Nxe3 30. Rxe3 Ba6 31. Ng3 Qc5 32. Rd1 Nc3 33. Rd2 Bf8 34. hxg6 hxg6 35. f5
exf5 36. Ngxf5 gxf5 37. Nxf5 Bg7 38. Kh1 Ne4 39. Rh3 Kf8 40. Qh8+ Bxh8 41. Rxh8# 1-0

[Event "Titled Tue 10th Jun Early"]
[Site "chess.com INT"]
[Date "2025.06.10"]
[Round "3"]
[White "Lopez, Henry"]
[Black "Ernst, Sipke"]
[Result "1-0"]
[BlackTitle "GM"]
[WhiteElo "2050"]
[BlackElo "2518"]
[WhiteFideId "5203830"]
[BlackFideId "1004689"]
[EventDate "2025.06.10"]

1. d4 Nf6 2. Nf3 d6 3. c4 g6 4. Nc3 Bg7 5. e4 O-O 6. Be2 e5 7. O-O Nbd7 8. d5
Nc5 9. Qc2 a5 10. Bg5 h6 11. Be3 b6 12. Ne1 Ng4 13. Bxg4 Bxg4 14. f3 Bd7 15. Nd3
f5 16. b3 Qe7 17. a3 Kh7 18. b4 Nxd3 19. Qxd3 fxe4 20. fxe4 Rxf1+ 21. Qxf1 axb4
22. axb4 Rf8 23. Qe2 c5 24. dxc6 Bxc6 25. b5 Bb7 26. Bxb6 Qe6 27. Ra7 Rf7 28.
Be3 h5 29. h3 Qc8 30. b6 Kg8 31. Qd3 Qe6 32. Nd5 Kh7 33. Bg5 Qc8 34. Be3 Qc6 35.
Nb4 Qc8 36. Nd5 Qc6 37. Qb3 Qc8 38. Qa4 Bc6 39. Qa5 Bb7 40. Qb4 Kh8 41. Qxd6
Qxc4 42. Qb8+ Rf8 43. Qxb7 Qf1+ 44. Kh2 Rg8 45. Qf7 g5 46. Qxf1 1-0

[Event "Titled Tue 10th Jun Early"]
[Site "chess.com INT"]
[Date "2025.06.10"]
[Round "3"]
[White "Bozorov, Javohir"]
[Black "Jimenez Fernandez, Rebeca"]
[Result "1-0"]
[WhiteTitle "FM"]
[BlackTitle "WFM"]
[WhiteElo "2039"]
[BlackElo "2154"]
[WhiteFideId "14216957"]
[BlackFideId "32070934"]
[EventDate "2025.06.10"]

1. g3 d5 2. Bg2 Nf6 3. Nf3 e6 4. O-O Be7 5. d3 O-O 6. Nbd2 c5 7. Re1 Nc6 8. e4
Qc7 9. c3 b5 10. Qe2 Bb7 11. h4 Rfc8 12. e5 Nd7 13. Nf1 Qd8 14. Bf4 Qe8 15. g4
Qf8 16. Ng3 a5 17. h5 h6 18. g5 hxg5 19. Bxg5 Bxg5 20. Nxg5 Ncxe5 21. f4 Nc6 22.
Bh3 Re8 23. Qg4 Nf6 24. Qh4 Bc8 25. Nf3 Ne7 26. Qg5 Nh7 27. Qh4 Nf5 28. Bxf5
exf5 29. Rxe8 Qxe8 30. Re1 Qf8 31. d4 Be6 32. Ng5 Re8 33. Nxh7 Kxh7 34. Qg5 Qe7
35. Qxe7 Rxe7 36. Nxf5 Rc7 37. Ne3 cxd4 38. cxd4 g6 39. hxg6+ Kxg6 40. Kf2 Kf6
41. Ke2 b4 42. Kd2 a4 43. f5 Bxf5 44. Nxd5+ 1-0

[Event "Titled Tue 10th Jun Early"]
[Site "chess.com INT"]
[Date "2025.06.10"]
[Round "3"]
[White "Montejo Bello, Lorena Beatriz"]
[Black "Chyzy, Jakub"]
[Result "0-1"]
[WhiteTitle "WFM"]
[BlackTitle "FM"]
[WhiteElo "2090"]
[BlackElo "2330"]
[WhiteFideId "3529045"]
[BlackFideId "21806209"]
[EventDate "2025.06.10"]

1. e4 Nf6 2. e5 Nd5 3. c4 Nb6 4. d4 d6 5. exd6 exd6 6. Nc3 Be7 7. Be3 O-O 8. Rc1
Bf6 9. Bd3 Nc6 10. Nge2 Bg4 11. f3 Re8 12. Bf2 Bh5 13. O-O Qd7 14. b3 Bg5 15.
Rc2 Be3 16. Bxe3 Rxe3 17. Nf4 Bg6 18. Bxg6 hxg6 19. Ne4 Re8 20. Qd2 R3xe4 21.
fxe4 Rxe4 22. d5 Nd4 23. Rcc1 g5 24. Qd3 Qe7 25. Ne6 Ne2+ 26. Kh1 Re5 27. Rce1
Nf4 28. Nxf4 Rxe1 29. Nh3 Qe3 30. Qxe3 Rxe3 31. Nxg5 Re2 32. Nxf7 Rxa2 33. Ng5
Rb2 34. Ne6 Rxb3 35. Nxc7 Nxc4 36. Kg1 a5 37. Ne6 a4 38. Rf8+ Kh7 39. Rf7 a3 40.
Rxg7+ Kh6 0-1